Campaña educativa sobre derechos humanos y derechos indígenas. Manual de capacitación sobre particiapación política, incidencia, ciudadanía, género y medio ambiente
La presente publicación forma parte de la campaña desarrollada por el Instituto Interamericano de Derechos Humanos (IIDH) para promover el conocimiento y ejercicio de los derechos humanos de la población indígena. Esta campaña contempla programas de capacitación por módulos, cuyo objetivo es reforza...
Salvato in:
| Autore principale: | |
|---|---|
| Ente Autore: | |
| Natura: | testo |
| Pubblicazione: |
San José:
IIDH
|
| Soggetti: | |
| Tags: |
Aggiungi Tag
Nessun Tag, puoi essere il primo ad aggiungerne!!
|
MARC
| LEADER | 00000 a a2200000 04500 | ||
|---|---|---|---|
| 001 | 33065 | ||
| 003 | |||
| 040 | |||
| 090 | |a 206200 | ||
| 100 | |a Robert, Anne | ||
| 110 | |a IIDH | ||
| 245 | |a Campaña educativa sobre derechos humanos y derechos indígenas. Manual de capacitación sobre particiapación política, incidencia, ciudadanía, género y medio ambiente | ||
| 260 | |a San José: |b IIDH | ||
| 300 | |a 123 p. |b il. | ||
| 520 | |a La presente publicación forma parte de la campaña desarrollada por el Instituto Interamericano de Derechos Humanos (IIDH) para promover el conocimiento y ejercicio de los derechos humanos de la población indígena. Esta campaña contempla programas de capacitación por módulos, cuyo objetivo es reforzar los valores de equidad, diversidad, multiculturalismo y la identidad étnica, de manera que se coadyuve a la lucha contra el racismo y la discriminación. Para ello se integra como un instrumento, el presente Manual de capacitación sobre participación política, incidencia, ciudadanía, género y medio ambiente de la población indígena. Constituye un material educativo no formal para líderes y cuadros medios de organizaciones indígenas, de mujeres y comunales | ||
| 650 | |a POBLACION INDIGENA | ||
| 650 | |a DERECHOS HUMANOS | ||
| 650 | |a CAMPAÑAS DE INFORMACION | ||
| 650 | |a CAPACITACION POR MODULOS | ||
| 650 | |a METODOLOGIA | ||
| 650 | |a METODOS PEDAGOGICOS | ||
| 650 | |a GRUPOS ETNICOS | ||
| 650 | |a PARTICIPACION POLITICA | ||
| 650 | |a RELACIONES DE GENERO | ||
| 650 | |a DERECHOS CIVILES | ||
| 650 | |a LEGISLACION | ||
| 650 | |a CIUDADANIA | ||
| 650 | |a PARTICIPACION SOCIAL | ||
| 650 | |a AUTOG | ||
| 999 | |c 14507 |d 14507 | ||
